|
|
|
|
| LEADER |
01444nam a2200361 4500 |
| 001 |
ocn934886594 |
| 003 |
OCoLC |
| 005 |
20180501122028.0 |
| 006 |
m o d |
| 007 |
cr |n||||||||| |
| 008 |
160115s2016 xx o 000 0 eng d |
| 040 |
|
|
|a YDXCP
|b eng
|e rda
|e pn
|c YDXCP
|d EBLCP
|d OCLCQ
|d OPELS
|d OCLCF
|d DEBBG
|d GrThAP
|
| 020 |
|
|
|a 9780128034439
|q (electronic bk.)
|
| 020 |
|
|
|a 0128034432
|q (electronic bk.)
|
| 020 |
|
|
|a 0128034343
|
| 020 |
|
|
|a 9780128034347
|
| 035 |
|
|
|a (OCoLC)934886594
|
| 050 |
|
4 |
|a QD421
|b .A45 2016eb
|
| 082 |
0 |
4 |
|a 572/.549
|2 23
|
| 049 |
|
|
|a TEFA
|
| 245 |
0 |
4 |
|a The alkaloids.
|n Volume 75 :
|b chemistry and biology /
|c edited by Hans-Joachim Knolker.
|
| 260 |
|
|
|a [Place of publication not identified] :
|b Academic Press,
|c 2016.
|
| 300 |
|
|
|a 1 online resource.
|
| 336 |
|
|
|a text
|b txt
|2 rdacontent
|
| 337 |
|
|
|a computer
|b c
|2 rdamedia
|
| 338 |
|
|
|a online resource
|b cr
|2 rdacarrier
|
| 588 |
0 |
|
|a Online resource; title from PDF title page (ScienceDirect, viewed February 17, 2016).
|
| 650 |
|
0 |
|a Alkaloids.
|
| 650 |
|
7 |
|a Alkaloids.
|2 fast
|0 (OCoLC)fst00805398
|
| 655 |
|
4 |
|a Electronic books.
|
| 700 |
1 |
|
|a Knolker, Hans-Joachim.
|
| 776 |
0 |
8 |
|i Print version:
|a Knolker, Hans-Joachim.
|t Alkaloids.
|d [Place of publication not identified] : Elsevier Academic Press, 2016
|z 0128034343
|z 9780128034347
|w (OCoLC)921864829
|
| 856 |
4 |
0 |
|u https://www.sciencedirect.com/science/bookseries/10994831/75
|z Full Text via HEAL-Link
|